1260 1966 1996 1410 1157 1598 1393 1790 1440 1985 1185 1398 1112 1277 1985 1241 1012 1158 1709 1935 1350 1677 1793 1835 1815 1770 1743 1597 1195 1581 1832 1425 1029 1853 1151 1603 1319 1245 1747 1344 1899 1561 1283 1497 1033 1659 1900 1710 1667 1666 1349 1319 1550 1780 1644 1859 1238 1183 1578 1000 1758 1476 1743 1586 1748 1227 1522 1766 1110 1368 1669 1296 1647 1429 1160 1837 1088 1576 1499 1240 1413 1344 1013 1006 1656 1879 1602 1232 1655 1474 1090 1734 1624 1009 1471 1370 1717 1819 1825 BCNSPRNW ULIB Ver.6.0+V

เปลี่ยนเป็นภาษาไทย

Change to English
 แสดงรายละเอียดบรรณานุกรม
  กลับหน้าหลัก

Brief Record : Get Marc (ISO 2709) : E-mail record : QR code < ปิดหน้าต่าง
LEADER : 00000nam 2200000uu 4500
001    13399123838
003     ULIB
008    141202s2556||||th 000 0 tha d
020    ^a9786167073804
050 04 ^aPL4185^bพ12ร
110 1  ^aราชบัณฑิตยสถาน
245 00 ^aพจนานุกรมฉบับราชบัณฑิตยสถาน พ.ศ. 2554 :^bเฉลิมพระเกียรติพระบาทสมเด็จพระเจ้าอยู่หัวเนื่องในโอกาสพระราชพิธีมหามงคลเฉลิมพระชนมพรรษา 7 รอบ 5 ธันวาคม 2554 /^cราชบัณฑิตยสถาน
250    ^aพิมพ์ครั้งที่ 2
260    ^aกรุงเทพฯ :^bราชบัณฑิตยสถาน,^c2556
300    ^aก-ฝ, 1484 หน้า :^bภาพประกอบ (สี และขาวดำ) ; 26 ซม
500 เฉ ลิมพระเกียรติพระบาทสมเด็จพระเจ้าอยู่หัวเนื่องในโอกาสพระราชพิธีมหามงคลเฉลิมพระชนมพรรษา 7 รอบ 5 ธันวาคม 2554
650 2  ^aThai Language^xDictionaries
650  7 ^aภาษาไทย^xพจนานุกรม
945    ^p750^l0^i22341
945    ^p750^l0^i22342
999    ^aทศพร เกษรทอง
รายการนี้ยังไม่มีแท็ก
คุณยังไม่ได้ล็อกอิน คุณสามารถมีกิจกรรมร่วมกับเว็บไซต์ได้ แต่ต้องล็อกอินก่อน ::
  ล็อกอิน

รายการสื่อสารสนเทศ

ลำดับที่ ประเภท เลขเรียก/บาร์โค้ด สถานที่ สถานะ
1. การศึกษาทั่วไป
หนังสือสำรอง
สถานะ=หนังสือสำรอง
PL4185 พ12ร ฉ.1 
  Barcode: 22341
ห้องสมุดวิทยาเขตนครสวรรค์
►หนังสือทั่วไป:l:General Books
บนชั้น
2. การศึกษาทั่วไป
การศึกษาทั่วไป
PL4185 พ12ร ฉ.2 
  Barcode: 22342
ห้องสมุดวิทยาเขตนครสวรรค์
►หนังสือทั่วไป:l:General Books
บนชั้น

BibComment


ยังไม่เคยถูกคอมเมนท์

คอมเมนท์ทรัพยากรรายการนี้
  คอมเมนท์: พจนานุกรมฉบับราช..


 Copyright 2026. Bcnsprnw @Library